000 00469nam a2200181Ia 4500
001 14936
005 20260306164951.0
008 260306t2013||||xx |||||||||||||| ||spa||
041 _aESP
082 _a519.5
_bP45I
100 _aPérez López, César
_eAUT
245 0 _aIBM SPSS estadística aplicada:
_bconceptos y ejercicios resueltos
260 _c2013
300 _axi, 534 páginas :
_c24 cm.
650 _aGEN
654 _aCMA
942 _cLIB
_dJUS
_fJUS
_2ddc
_n
999 _c14936
_d14936